000 01166aab a2200241 i 4500
001 768714001
003 CO-MdFUSB
005 20240710165947.0
008 240710t2008 sz ||||| |||| 00| 0 eng d
040 _bspa
_cCO-MdFUSB
041 _aeng
100 1 _aDressler-Kromminga, Sabine
_eautor
245 1 0 _aWhat unity requires on the road to "World Communion of Reformed Churches"
_c/ Sabine Dressler-Kromminga
520 _aDe la prisión sale el llamado de Pablo a la unidad. Sabine Dressler-Kromminga reflexiona sobre las situaciones de encarcelamiento actuales desde donde se nos recuerda que somos uno en Cristo. Y así como la separación siempre ha sido un proceso muy doloroso, también lo es la incapacidad de unirse.
546 _aTexto en nglés.
630 0 7 _aBiblia.
_pEfesios
_xCrítica, interpretación, etc.
650 7 _aBiblia y unidad cristiana
_97330
650 7 _aHermenéutica bíblica
_97333
650 7 _aPaz
_xAspectos religiosos
_xCristianismo
_92054
773 0 _tReformed World
_049396
_959497
_gVolumen 58, (número 2 & 3, 2008) páginas: 143 - 149
_qpágina: 143
942 _cANA
945 _aCatherine Arias Álvarez - Practicante SENA
999 _c62752
_d62752